| 000 | 00607nam a2200217Ii 4500 | ||
|---|---|---|---|
| 003 | JO-AjNU | ||
| 008 | 230606s9999||||xx |||||||||||||| ||und|| | ||
| 020 | _a0-321-36413-9 | ||
| 040 |
_aJO-AjNU _beng _erda _cJO-AjNU |
||
| 041 | _aeng | ||
| 050 | 1 | 4 | _aQA279.2007 |
| 100 | 3 |
_aLevitin,Anany, _eauthor _91083 |
|
| 245 | 0 | 0 | _aintroduction to The Desugn and Analysis of Algorithms |
| 250 | _a2 ed | ||
| 264 | 3 | 1 | _aNew york:pearson,2007 |
| 300 | _a562p | ||
| 336 |
_atext _btxt _2rdacontent |
||
| 337 |
_aunmediated _bn _2rdamedia |
||
| 338 |
_avolume _bnc _2rdacarrier |
||
| 650 | 4 |
_anumerical Analaysis _91084 |
|
| 999 |
_aE568 _c568 _d568 |
||